Zjawiska atmosferyczne w Polsce - Statystyki

Ogólne statystyki
  • Ten quiz został rozwiązany 25 razy
    14 od ostatniego zresetowania
  • Średni wynik to 9 z 15
Statystyki odpowiedzi
Zjawiska % Poprawnych
Deszcz
100%
Śnieg
92%
Wiatr/wichura
92%
Grad
83%
Burza
75%
Mgła
67%
Szadz
58%
Szron
58%
Gołoledź
50%
Mżawka
50%
Zamieć śnieżna
42%
Ulewa
33%
Pioruny
25%
Halny
17%
Opady marznące
8%
Nie znaleziono quizów pasujących do podanych kryteriów
Rozkład punktacji
Procent ludzi z każdym wynikiem
Percentyl według liczby udzielonych odpowiedzi
Twoja historia wyników
Nie rozwiązałeś tego quizu od ostatniego zresetowania